Fr. Conceicao Rodrigues College of Engineering

System analysis and design (Record no. 35628)

MARC details
000 -LEADER
fixed length control field 00384nam a2200169Ia 4500
082 ## - DEWEY DECIMAL CLASSIFICATION NUMBER
Classification number 621.392
Item number SAT
100 ## - MAIN ENTRY--PERSONAL NAME
Personal name Satzinger/J.W
245 ## - TITLE STATEMENT
Title System analysis and design
260 ## - PUBLICATION, DISTRIBUTION, ETC.
Name of publisher, distributor, etc. Cengage Learning
Date of publication, distribution, etc. 2007
366 ## - TRADE AVAILABILITY INFORMATION
Publishers's discount category 25
300 ## - PHYSICAL DESCRIPTION
Extent 730
546 ## - LANGUAGE NOTE
Language note ENGLISH
-- PAMPHALETS
650 ## - SUBJECT ADDED ENTRY--TOPICAL TERM
Topical term or geographic name entry element system analysis
654 ## - SUBJECT ADDED ENTRY--FACETED TOPICAL TERMS
Focus term system analysis and design
942 ## - ADDED ENTRY ELEMENTS (KOHA)
Koha item type BOOK
Holdings
Withdrawn status Lost status Damaged status Not for loan Collection Home library Current library Date acquired Source of acquisition Cost, normal purchase price Inventory number Total Checkouts Full call number Barcode Date last seen Cost, replacement price Price effective from Koha item type
        CRC Fr. Agnel's C.Rodrigues College of Engineering Fr. Agnel's C.Rodrigues College of Engineering 17/03/2023 Dharma Enterprises 354.00 524 dt 29/04/2010   621.392 SAT 20533 17/03/2023 472.00   BOOK